000 00497nam a2200181 i 4500
001 149800
003 ES-MaACL
005 20240524063002.0
007 t|
008 071024s1971 sp ||||1| spa d
100 1 _aValverde, José María,
_d1926-1996
_9113013
245 1 0 _aAzorín /
_cJosé María Valverde.
250 _a[1ª ed.].
260 _aBarcelona :
_bPlaneta,
_c[1971]
300 _a411 p. ;
_c22 cm.
852 _aES-MaACL
_jC-41109
_bR.80535
999 _c149800
_d149800